000 00641nam a2200169Ia 4500
003 GCL
008 140319s9999 xx 000 0 ara d
040 _aGCL /
_cGCL
082 0 4 _a657.02
_bأ م
100 1 _aابوالفتوح على فضالة
245 1 0 _aالمحاسبة بحوث واجتهادات /
_cابوالفتوح على فضالة
260 _aالقاهرة :
_bدار الكتب العلمية للنشر والتوزيع ،
_c1993
300 _a236 ص ؛
_c24سم
490 _aسلسلة الكتب العلمية فى المحاسبة وادارة الاعمال
_v0
650 0 4 _aالمحاسبة
942 _2ddc
_cBK
999 _c53968
_d53968